| 000 | 01235cam a2200229 4500 | ||
|---|---|---|---|
| 001 | ABS66201 | ||
| 008 | 021223n2002 000 0 eng u | ||
| 035 | _a(Sirsi) u120881 | ||
| 100 | _aCottam, G | ||
| 245 | 2 | _aA new contract to reflect the changing industry | |
| 260 | _c2002 | ||
| 490 |
_aConstruction News _v (6787) 10 October 2002, 41(1) |
||
| 520 | _aDiscusses the new term contract, "ICE Conditions of contract term version", which has been launched by the ICE to complement partnering or framework arrangements. Claims that because it is based on previous contracts it has the advantage of familiarity. It emphasises that all work under the new contract requires a Works order, which defines the work to be done, its price, its programmed time and any matters that the engineer considers important. It excludes retentions on the basis that the client has adequate security without them, but confirms that liquidated damages are applicable to works orders. | ||
| 590 | _aABS | ||
| 650 | _aICE CONDITIONS OF CONTRACT TERM VERSION | ||
| 650 | _aRETENTIONS | ||
| 650 | _aLIQUIDATED DAMAGES | ||
| 650 | _aTERM CONTRACTING | ||
| 650 | _aPARTNERING | ||
| 690 | _aBUILT ENVIRONMENT-BUILDING CONTRACT FORMS | ||
| 942 | _n0 | ||
| 999 |
_c71851 _d71851 |
||